000 00576nam a2200193 a 4500
001 2015356
003 AM-YeHGA
005 20250915140234.0
008 250416s1959 le c|||gr|||||00||1|arm|d
040 _aAM-YeHGA
041 0 _aarm
100 1 _aՇիրվանզադե, Ալեքսանդր Մինասի,
_d1858-1935
_91334
245 1 0 _aՔաոս /
_cՇիրվանզադէ.
260 _aՊէյրութ ։
_bԱ. հ.,
_c1959․
300 _a423 էջ
440 0 _aՄատենաշար «Այգ»ի ;
_vԹիւ 24
650 1 4 _aՀայ գրականություն
942 _2udc
_cBK
999 _c534341
_d534341